00359nam a2200133 4500008004100000100002000041245005400061260000900115300001300124650003800137650001000175650002200185773001800207190823b ||||| |||| 00| 0 eng d aKetaki, Kalinga aPolitical participation of tribal women in Odisha c2019 ap.38-42. aTribes and tribal system - Odisha aWomen aWomen in politics aThird Concept